Score 0/20 Timer 04:00
2 Plays Today
% Correct
Spongiforma squarepantsii
94.4%
Lawsuits against the Devil
93.7%
Extreme ironing
92.5%
Tetris effect
92.2%
Glasgow Ice Cream Wars
91.9%
Voluntary Human Extinction Movement
91.1%
Death by GPS
90.9%
Axe murder incident
90.4%
Pillow Fight League
90.1%
Chubby Bunny
88.8%
% Correct
List of wartime cross-dressers
88.5%
Ferret-legging
88.5%
Non-human electoral candidates
86.8%
Reincarnation Application
86.6%
Alien abduction insurance
85.4%
Safety coffin
85.1%
Men's Underwear Index
83.6%
Prohibition of death
76.6%
Heil Honey I'm Home!
73.5%
Fart Proudly
70.2%
Remove Ads.
Support Sporcle.
Get the best of Sporcle when you Go Orange. This ad-free experience offers more features, more stats, and more fun while also helping to support Sporcle. Thank you for becoming a member.

You're not logged in!

Compare scores with friends on all Sporcle quizzes.
OR
Log In

Show Comments

Extras

Top Quizzes Today


Score Distribution

Your Account Isn't Verified!

In order to create a playlist on Sporcle, you need to verify the email address you used during registration. Go to your Sporcle Settings to finish the process.

Report this User

Report this user for behavior that violates our Community Guidelines.

Details: